| 000 | 00808nam a22002177a 4500 | ||
|---|---|---|---|
| 999 |
_c5386 _d5386 |
||
| 003 | AR-CdUCM | ||
| 008 | 190312b ||||| |||| 00| 0 spa d | ||
| 040 |
_aMUNICIPALIDAD PROVINCIAL DEL CUSCO _cBIBLIOTECA MUNICIPAL DEL CUSCO |
||
| 082 |
_a869.9 / _bL22R |
||
| 100 |
_aGonzález Lanuza, Eduardo _916237 |
||
| 245 | _aGenio y figura de Roberto J. Payro / | ||
| 260 |
_aBuenos Aires : _bUniversitaria, _c1965. |
||
| 300 |
_a191 páginas ; _c18 cm. |
||
| 440 |
_aColeccion genio y figura _n6 _916238 |
||
| 500 | _aDonación familia Nieto | ||
| 505 | _aContenido: Payró frente al espejo -- Imagen de Don Roberto -- Casi autobiografía -- Payró pintor -- Payró retratista -- Payró autor dramático ... | ||
| 650 |
_aRoberto Payró _916239 |
||
| 650 |
_aPoemas _9929 |
||
| 942 |
_2ddc _cLIBROS |
||
| 945 | _aafb | ||